[Event "Euskadi j ch"]
[Site "Eibar"]
[Date "2014.04.22"]
[Round "1.1"]
[White "Jimenez Almeida, Luis David"]
[Black "Sanchez Merino, Christian"]
[Result "1-0"]
[WhiteElo "2024"]
[BlackElo "1655"]

1. e4 e5 2. Nf3 Nf6 3. d4 Nxe4 4. Bd3 d5 5. Nxe5 Bd6 6. O-O O-O 7. Nd2 Bxe5 8.
dxe5 Nc5 9. Be2 Nc6 10. f4 Bf5 11. Nf3 Qe7 12. c3 Rfd8 13. Be3 Ne4 14. Qe1 Bg4
15. Rd1 g5 16. Nxg5 Bxe2 17. Nxe4 Bxf1 18. Nf6+ Kh8 19. Qh4 1-0

[Event "Euskadi j ch"]
[Site "Eibar"]
[Date "2014.04.22"]
[Round "1.2"]
[White "Laseca Arana, Irati"]
[Black "Bernal Gomez, Alejandro"]
[Result "1/2-1/2"]
[WhiteElo "1652"]
[BlackElo "1978"]

1. b3 d5 2. Nf3 Bg4 3. Ne5 Bh5 4. g4 Bg6 5. h4 Qd6 6. Bb2 h6 7. Nxg6 Qxg6 8. e3
Nd7 9. Bd3 Qb6 10. Nc3 c6 11. f4 e6 12. Qf3 O-O-O 13. O-O-O Nc5 14. Bf1 Nf6 15.
g5 Nfe4 16. Nxe4 Nxe4 17. f5 hxg5 18. fxe6 fxe6 19. Bd3 g4 20. Qf7 Nc5 21. Qg6
g3 22. Qxg3 Nxd3+ 23. cxd3 Qa6 24. Kc2 1/2-1/2

[Event "Euskadi j ch"]
[Site "Eibar"]
[Date "2014.04.22"]
[Round "1.3"]
[White "Barrio Ugidos, Ibon"]
[Black "Garcia Martinez De La Hidalga, En"]
[Result "1-0"]
[WhiteElo "1905"]
[BlackElo "1568"]

1. e4 c5 2. Nf3 Nc6 3. c3 Nf6 4. e5 Nd5 5. d4 cxd4 6. cxd4 e6 7. Nc3 d6 8. Bd3
Be7 9. O-O O-O 10. Qe2 dxe5 11. dxe5 Nxc3 12. bxc3 b6 13. Qe4 g6 14. Bb5 Rb8
15. Bxc6 b5 16. Bh6 f5 17. exf6 Rxf6 18. Bf4 Rb6 19. Be3 Ra6 20. Bxb5 Ra5 21.
Bc4 Ra4 22. Bxe6+ 1-0

[Event "Euskadi j ch"]
[Site "Eibar"]
[Date "2014.04.22"]
[Round "1.4"]
[White "Fernandez Zubitur, Asier"]
[Black "Llano Olabarrieta, Joseba"]
[Result "0-1"]
[WhiteElo "1563"]
[BlackElo "1904"]

1. e4 c5 2. Nc3 g6 3. g3 Bg7 4. Bg2 Nc6 5. d3 d6 6. f4 e5 7. Nf3 Nge7 8. O-O
O-O 9. Be3 Nd4 10. Rb1 Be6 11. a3 Qd7 12. Ne2 Rae8 13. c3 Nxf3+ 14. Bxf3 f5 15.
d4 fxe4 16. Bxe4 d5 17. Bc2 exd4 18. cxd4 Bg4 19. Qd2 Bxe2 20. Qxe2 Nc6 21.
dxc5 Rxe3 22. Qd2 Rfe8 23. Ba4 Re2 24. Qd3 Bd4+ 25. Qxd4 R8e4 26. Bxc6 bxc6 27.
Qc3 Qh3 28. Rf2 Rxf2 29. Kxf2 Qxh2+ 0-1

[Event "Euskadi j ch"]
[Site "Eibar"]
[Date "2014.04.22"]
[Round "1.5"]
[White "Lomas Romero, Benat"]
[Black "Alfaro Garcia Del Cerro, Juan L"]
[Result "1-0"]
[WhiteElo "1836"]
[BlackElo "1516"]

1. e4 c5 2. Nc3 d6 3. g3 Nc6 4. Bg2 g6 5. d3 Bg7 6. f4 e6 7. Nf3 Nge7 8. O-O
O-O 9. Be3 Nd4 10. e5 dxe5 11. fxe5 Ndc6 12. Ne4 Nxe5 13. Nxe5 Bxe5 14. c3 Nf5
15. Bf2 Rb8 16. Bxc5 b6 17. Bxf8 Ba6 18. Ba3 Ne3 19. Qf3 Nxf1 20. Bxf1 f5 21.
Nf2 Bb7 22. Qe2 Qc7 23. Bg2 f4 24. Ng4 1-0

[Event "Euskadi j ch"]
[Site "Eibar"]
[Date "2014.04.22"]
[Round "1.6"]
[White "Abalia patiño, Aritz"]
[Black "Varas Lopez De Echezarreta, Maita"]
[Result "1/2-1/2"]
[WhiteElo "1746"]
[BlackElo "1400"]

1. e4 c5 2. Nf3 e6 3. d4 cxd4 4. Nxd4 a6 5. Nc3 Qc7 6. Be2 Nc6 7. O-O Nf6 8.
Kh1 b5 9. a3 Bb7 10. f4 Nxd4 11. Qxd4 Bc5 12. Qd3 d6 13. Bf3 Rd8 14. Be3 O-O
15. Rad1 Rd7 16. f5 Bxe3 17. Qxe3 exf5 18. exf5 Re8 19. Qf4 Bxf3 20. Rxf3 d5
21. Qxc7 Rxc7 22. h3 Rd7 23. Rfd3 Re5 24. g4 h6 25. Rd4 g5 26. a4 bxa4 27. Nxa4
Ne4 28. Kg2 Rc7 29. c3 Nf6 30. R1d2 Rce7 31. Rf2 Re3 32. Nc5 Ne4 33. Nxe4 dxe4
34. Ra4 Re1 35. Rf1 Re2+ 36. Rf2 Re1 37. Rf1 Re2+ 1/2-1/2

[Event "Euskadi j ch"]
[Site "Eibar"]
[Date "2014.04.22"]
[Round "1.7"]
[White "Sanchez Ruesga, Carlos"]
[Black "Mendieta Gomez, Andres"]
[Result "1-0"]
[WhiteElo "1687"]
[BlackElo "1288"]

1. e4 e5 2. Nf3 Nc6 3. Bb5 Nf6 4. O-O Bc5 5. d3 Nd4 6. Nxd4 exd4 7. Bg5 h6 8.
Bh4 g5 9. Bg3 c6 10. Bc4 d5 11. exd5 cxd5 12. Re1+ Kf8 13. Bb3 Kg7 14. Be5 Bd6
15. Bxd4 Bg4 16. Qxg4 1-0

[Event "Euskadi j ch"]
[Site "Eibar"]
[Date "2014.04.23"]
[Round "2.1"]
[White "Lomas Romero, Benat"]
[Black "Jimenez Almeida, Luis David"]
[Result "0-1"]
[WhiteElo "1836"]
[BlackElo "2024"]

1. e4 Nf6 2. e5 Nd5 3. Nc3 Nxc3 4. bxc3 d6 5. f4 g6 6. Nf3 Bg7 7. Bc4 O-O 8.
O-O Bg4 9. Rb1 dxe5 10. fxe5 Bxe5 11. h3 Bxf3 12. Qxf3 e6 13. Kh1 Nd7 14. d4
Bg7 15. Ba3 c5 16. Rxb7 Qc8 17. Bb5 Nf6 18. Bxc5 Rd8 19. c4 Rb8 20. Rxb8 Qxb8
21. Be7 Nh5 22. Qxf7+ Kh8 23. Bxd8 Ng3+ 24. Kg1 Bxd4+ 25. Rf2 Qxd8 26. Qf3 Qd6
27. c3 Bxf2+ 28. Kxf2 Nf5 29. Ke2 Kg7 30. Qb7+ Kh6 31. Qxa7 Qg3 32. Qf2 Qxc3
33. Qf4+ g5 34. Qd2 Nd4+ 35. Kd1 Qa1+ 36. Qc1 Qxa2 37. Qd2 Qb1+ 38. Qc1 Qd3+
39. Qd2 Qf1+ 40. Qe1 Qxg2 41. Qd2 Qh1+ 42. Qe1 Qxh3 43. Qe5 Qd3+ 0-1

[Event "Euskadi j ch"]
[Site "Eibar"]
[Date "2014.04.23"]
[Round "2.2"]
[White "Gonzalez Larraz, Raul"]
[Black "Barrio Ugidos, Ibon"]
[Result "0-1"]
[WhiteElo "1687"]
[BlackElo "1905"]

1. e4 c5 2. Nf3 Nc6 3. d4 cxd4 4. Nxd4 g6 5. Nc3 Bg7 6. Nf3 d6 7. Bd3 Nf6 8.
O-O O-O 9. Bg5 h6 10. Be3 d5 11. exd5 Nxd5 12. Qd2 Nxe3 13. Qxe3 Be6 14. Bxg6
Bxa2 15. Rxa2 fxg6 16. Qe6+ Kh7 17. Nd5 Qd6 18. Qxd6 exd6 19. Nc7 Rac8 20. Nb5
d5 21. c3 a6 22. Nbd4 Nxd4 23. cxd4 Rc2 24. Ra5 Rxb2 25. Rxd5 Rf7 26. Re1 Bf6
27. Rd6 Kg7 28. h3 Re7 29. Rxe7+ Bxe7 30. Re6 Kf7 31. d5 Bf6 32. Ne5+ Bxe5 33.
Rxe5 Rb1+ 34. Kh2 b5 35. Kg3 b4 36. d6 Rd1 37. Re4 a5 38. Re7+ Kf6 39. Ra7 b3
40. Rb7 a4 41. d7 Ke7 42. Kf3 a3 43. Rxb3 a2 0-1

[Event "Euskadi j ch"]
[Site "Eibar"]
[Date "2014.04.23"]
[Round "2.3"]
[White "Llano Olabarrieta, Joseba"]
[Black "Sanchez Ruesga, Carlos"]
[Result "1-0"]
[WhiteElo "1904"]
[BlackElo "1687"]

1. e4 c5 2. Nf3 Nc6 3. Bb5 d6 4. d4 cxd4 5. Qxd4 Bd7 6. Bxc6 Bxc6 7. Nc3 Nf6 8.
Bg5 Qb6 9. Qd3 O-O-O 10. Be3 Qa5 11. Ng5 Be8 12. O-O-O Kb8 13. Kb1 h6 14. Nh3
e5 15. f4 Be7 16. Rhe1 Bc6 17. Nd5 Bxd5 18. exd5 Rhe8 19. Nf2 Bf8 20. f5 Nd7
21. Ne4 Qc7 22. Qb5 Rc8 23. Rd2 Ka8 24. b3 b6 25. g4 Nc5 26. Bxc5 bxc5 27. Qc4
Be7 $11 28. f6 Bf8 29. Rf2 Red8 30. Ref1 g6 31. Rf3 Rb8 32. a3 Qb7 33. Rd1 Qb5
34. Nd2 a6 35. Ka2 Rdc8 36. Re3 Ka7 37. Qc3 Qd7 38. Re4 Qd8 39. Rf1 Rb5 40. Ra4
Qd7 41. Nc4 Rb6 42. Nxb6 1-0

[Event "Euskadi j ch"]
[Site "Eibar"]
[Date "2014.04.23"]
[Round "2.4"]
[White "Bernal Gomez, Alejandro"]
[Black "Varas Lopez De Echezarreta, Maita"]
[Result "1-0"]
[WhiteElo "1978"]
[BlackElo "1400"]

1. Nf3 Nf6 2. d4 d5 3. c4 Nc6 4. cxd5 Qxd5 5. Nc3 Qd8 6. d5 Nb8 7. Bf4 e6 8. e4
exd5 9. exd5 Bd6 10. Be3 O-O 11. Be2 Bf5 12. O-O Nbd7 13. Nh4 Bg6 14. Nxg6 hxg6
15. Rc1 Re8 16. Bg5 a6 17. h4 Nf8 18. Qc2 N8h7 19. Be3 Rc8 20. Bf3 Qd7 21. Qd1
Qe7 22. g3 Bxg3 23. fxg3 Qxe3+ 24. Kh2 g5 25. h5 Rcd8 26. Rc2 b5 27. a3 Qb6 28.
Rd2 Qd6 29. Re2 b4 30. axb4 Qxb4 31. Rfe1 Rxe2+ 32. Rxe2 g4 33. Bg2 Ng5 34. Qd3
Qd6 35. Qf5 Nfh7 36. Qxg4 Qf6 37. Re1 Qf2 38. Re2 Qf6 39. Re1 Qf2 40. Re2 Qf6
41. Qf4 Qb6 42. Rf2 Rf8 43. Re2 Qc5 44. Re5 f6 45. Re2 a5 46. Qf5 Rd8 47. h6
Qf8 48. Qf4 Qf7 49. d6 Qh5+ 50. Kg1 cxd6 51. Bd5+ Kh8 52. hxg7+ Kxg7 53. Qc4
Nf3+ 54. Bxf3 Qxf3 55. Qc7+ Kg6 56. Qxd8 Ng5 57. Qg8+ Kh5 58. Qe8+ Kg4 59. Qe3
Nh3+ 60. Kh2 Qf1 61. Qe4+ Kg5 62. Qh4+ 1-0

[Event "Euskadi j ch"]
[Site "Eibar"]
[Date "2014.04.23"]
[Round "2.5"]
[White "Abalia Patiño, Aritz"]
[Black "Laseca Arana, Irati"]
[Result "1/2-1/2"]
[WhiteElo "1746"]
[BlackElo "1652"]

1. e4 c5 2. Nf3 e6 3. d4 cxd4 4. Nxd4 Nf6 5. Nc3 Nc6 6. Ndb5 d6 7. Bf4 e5 8.
Bg5 a6 9. Na3 b5 10. Nd5 Be7 11. Nxe7 Qxe7 12. c3 O-O 13. Bd3 Be6 14. Qf3 Rfd8
15. O-O h6 16. Bxf6 Qxf6 17. Qxf6 gxf6 18. Nc2 d5 19. exd5 Bxd5 20. Bf5 Ne7 21.
Ne3 Nxf5 22. Nxf5 Be6 23. g4 Bxf5 24. gxf5 Rd2 25. b3 Rad8 26. a4 Rb2 27. axb5
axb5 28. Ra3 Rd3 29. b4 Kg7 30. Ra8 Rxc3 31. Kh1 Rf3 32. Rg1+ Kh7 33. Rag8 h5
34. R8g7+ Kh6 35. Rg8 1/2-1/2

[Event "Euskadi j ch"]
[Site "Eibar"]
[Date "2014.04.23"]
[Round "2.6"]
[White "Sanchez Merino, Christian"]
[Black "Alfaro Garcia Del Cerro, Juan L"]
[Result "1-0"]
[WhiteElo "1655"]
[BlackElo "1516"]

1. e4 e5 2. Nf3 Nc6 3. c3 Nf6 4. d3 Bc5 5. Bg5 d6 6. Be2 Be6 7. Nbd2 h6 8. Bh4
Bb6 9. O-O g5 10. Bg3 Qd7 11. b4 Nh5 12. b5 Ne7 13. Nxe5 Nxg3 14. Nxd7 1-0

[Event "Euskadi j ch"]
[Site "Eibar"]
[Date "2014.04.23"]
[Round "2.8"]
[White "Mendieta Gomez, Andres"]
[Black "Fernandez Zubitur, Asier"]
[Result "1/2-1/2"]
[WhiteElo "1288"]
[BlackElo "1563"]

1. e4 d6 2. d4 Nf6 3. Nc3 e5 4. dxe5 dxe5 5. Qxd8+ Kxd8 6. Bg5 Be6 7. O-O-O+
Nbd7 8. Nf3 Bd6 9. Nd2 h6 10. Bh4 g5 11. Bg3 Nh5 12. Bc4 Nxg3 13. hxg3 Ke7 14.
Bxe6 Kxe6 15. Nc4 Bc5 16. Rhf1 c6 17. f4 f6 18. fxe5 Nxe5 19. Nxe5 Be3+ 20. Kb1
Kxe5 21. Rd7 Rab8 22. Re7+ Kd6 23. Rf7 Bd4 24. Ne2 Be5 25. Rd1+ Kc5 26. Rdd7
Rbd8 27. c3 Rxd7 28. Rxd7 Kb6 29. Kc2 c5 30. Kd3 Kc6 31. Rd5 Rh7 32. b4 cxb4
33. cxb4 Rd7 34. Rxd7 Kxd7 35. g4 a6 36. Nd4 Bxd4 37. Kxd4 Kd6 38. a4 b6 39. b5
a5 40. g3 Ke6 1/2-1/2

[Event "Euskadi j ch"]
[Site "Eibar"]
[Date "2014.04.23"]
[Round "3.1"]
[White "Jimenez Almeida, Luis David"]
[Black "Llano Olabarrieta, Joseba"]
[Result "1/2-1/2"]
[WhiteElo "2024"]
[BlackElo "1904"]

1. d4 Nf6 2. Nf3 e6 3. Bg5 h6 4. Bh4 g5 5. Bg3 Nh5 6. e4 Nxg3 7. hxg3 Bg7 8. c3
d6 9. Nbd2 Nd7 10. Bd3 Qe7 11. Qc2 b6 12. g4 Bb7 13. a4 a5 14. O-O O-O 15. Rfd1
Nf6 16. Nh2 Rfc8 17. Nhf1 c5 18. Nc4 Nd7 $11 19. e5 dxe5 20. dxe5 Rd8 21. Be4
Bxe4 22. Qxe4 Rab8 23. Rd2 Nf8 24. Rad1 Ng6 25. Nfe3 Qc7 26. Rxd8+ Rxd8 27.
Rxd8+ Qxd8 28. Qc6 Nxe5 29. Qxb6 Qxb6 30. Nxb6 Bf8 31. Nbc4 Nc6 32. Nf1 f5 33.
gxf5 exf5 34. Nfd2 Kf7 35. Nb3 Ke6 36. Nbxa5 Nxa5 37. Nxa5 Kd5 38. b3 Bd6 39.
Nc4 Bb8 40. a5 Kc6 41. f3 Kb5 42. Ne3 Kxa5 43. Nxf5 Be5 44. b4+ cxb4 45. cxb4+
Kxb4 46. Nxh6 Kc5 47. Nf7 Bf6 48. Kh2 Kd5 49. Kh3 Ke6 50. Nh6 Bg7 51. Ng4 Kf5
$11 52. Kg3 Bb2 53. Ne3+ Kg6 54. Kg4 Bc1 55. Nf5 Bd2 56. Nd6 Bc1 57. Nc4 Bf4
58. g3 Bc7 59. Ne3 Ba5 60. Nd5 Bd2 61. Ne7+ Kf7 62. Nc6 Kg6 63. Kh3 Kf5 64.
Nd4+ Kg6 65. Kg2 Be3 66. Nc2 Bc5 67. Kf1 Kf5 68. Ke2 Bd6 69. Ne3+ Kg6 70. g4
Bc7 71. Kd3 Bf4 72. Ke4 Bd6 73. Kd5 Bf4 74. Nc4 Kf6 75. Nb6 Bc1 76. Nd7+ Ke7
77. Nc5 Kf6 78. Ne4+ Kg6 79. Ke6 Bb2 80. Nf2 Bc1 81. Nd3 Bd2 82. Ne5+ Kg7 83.
Kf5 Bf4 84. Nd3 Bd2 85. Nc5 Kh6 86. Kf6 Bc3+ 87. Kf7 Bb2 88. Ne4 Bc1 89. Ng3
Bd2 90. Ne2 Be3 91. Nc3 Bd2 92. Ne4 Bc1 93. Kf6 Bb2+ 94. Kf5 Bc1 95. Kf6 Bb2+
96. Kf7 Bc1 97. Nf2 Be3 98. Ne4 Bc1 1/2-1/2

[Event "Euskadi j ch"]
[Site "Eibar"]
[Date "2014.04.23"]
[Round "3.2"]
[White "Barrio Ugidos, Ibon"]
[Black "Bernal Gomez, Alejandro"]
[Result "1-0"]
[WhiteElo "1905"]
[BlackElo "1978"]

1. e4 c5 2. Nf3 g6 3. d4 cxd4 4. Nxd4 Bg7 5. Nc3 Nc6 6. Be3 Nf6 7. Bc4 O-O 8.
Bb3 d6 9. f3 Bd7 10. Qd2 Rb8 11. O-O-O Na5 12. Kb1 b5 13. Ka1 Nc4 14. Bxc4 bxc4
15. h4 Qa5 16. Nd5 Qd8 17. h5 Nxd5 18. exd5 Re8 19. hxg6 fxg6 20. g4 Qb6 21. c3
Qb7 22. Ne6 Bxe6 23. dxe6 Qb5 24. Rh2 Rb7 25. Rdh1 Rf8 26. Rxh7 Rxf3 27. Rxg7+
Kxg7 28. Bd4+ 1-0

[Event "Euskadi j ch"]
[Site "Eibar"]
[Date "2014.04.23"]
[Round "3.3"]
[White "Laseca Arana, Irati"]
[Black "Lomas Romero, Benat"]
[Result "1/2-1/2"]
[WhiteElo "1652"]
[BlackElo "1836"]

1. b3 e5 2. Bb2 Nc6 3. e3 Nf6 4. Bb5 Be7 5. Na3 Nb4 6. Be2 a6 7. c4 O-O 8. Rc1
Re8 9. c5 Bf8 10. Nf3 e4 11. Nd4 d6 12. cxd6 Bxd6 13. O-O c5 {...} 1/2-1/2

[Event "Euskadi j ch"]
[Site "Eibar"]
[Date "2014.04.23"]
[Round "3.4"]
[White "Gonzalez Larraz, Raul"]
[Black "Abalia Patiño, Aritz"]
[Result "0-1"]
[WhiteElo "1687"]
[BlackElo "1746"]

1. e4 c5 2. Nf3 e6 3. d4 cxd4 4. Nxd4 Nf6 5. Nc3 Nc6 6. Nf3 Bb4 7. Bd3 d5 8.
exd5 Nxd5 9. Bd2 O-O 10. Nxd5 Qxd5 11. O-O e5 12. Re1 Bg4 13. Be4 Qa5 14. c3
Be7 15. Qc2 Bxf3 16. Bxf3 Qc7 17. Bxc6 bxc6 18. Qf5 Bd6 19. Re3 g6 20. Qf6 Qd8
21. Qf3 e4 22. Qe2 Bf4 23. Rd1 Bxe3 24. Bxe3 Qe7 25. b4 Rfd8 26. Bd4 Qe6 27.
Re1 Re8 28. a4 a5 29. b5 Qd5 30. Qe3 cxb5 31. Qh6 f6 32. Bxf6 Qf7 33. Bd4 b4
34. Rb1 bxc3 35. Bxc3 Re7 36. h3 Qf5 37. Qe3 Rd8 38. Rb5 Qd7 39. Rxa5 Qc7 40.
Qg3 Qxg3 41. fxg3 e3 42. Kf1 e2+ 43. Kf2 Rf8+ 0-1

[Event "Euskadi j ch"]
[Site "Eibar"]
[Date "2014.04.23"]
[Round "3.5"]
[White "Sanchez Ruesga, Carlos"]
[Black "Sanchez Merino, Christian"]
[Result "1-0"]
[WhiteElo "1687"]
[BlackElo "1655"]

1. d4 g6 2. c4 Bg7 3. Nf3 d6 4. Nc3 Nf6 5. e3 O-O 6. Bd3 Nc6 7. O-O e5 8. d5
Nb8 9. e4 Bd7 10. Be3 Qc8 11. c5 Ng4 12. cxd6 Nxe3 13. fxe3 cxd6 14. Rc1 Bh6
15. Qe2 Qc5 16. Rfe1 Qb6 17. b3 Na6 18. Nd2 Bg4 19. Qf2 Nb4 20. Bb1 Rac8 21.
Nc4 Qc5 22. Qh4 b5 23. Nxb5 Qxb5 24. Qxh6 Qc5 25. Qg5 Bd7 26. Qe7 Bb5 27. Qxd6
Qxd6 28. Nxd6 Rxc1 29. Rxc1 Ba6 30. a3 Nd3 31. Rc6 Rc8 32. Nxc8 1-0

[Event "Euskadi j ch"]
[Site "Eibar"]
[Date "2014.04.23"]
[Round "3.6"]
[White "Fernandez Zubitur, Asier"]
[Black "Garcia Martinez De La Hidalga, En"]
[Result "1-0"]
[WhiteElo "1563"]
[BlackElo "1568"]

1. e4 c5 2. Nc3 Nc6 3. g3 g6 4. Bg2 Bg7 5. d3 d6 6. f4 f5 7. Nf3 Nf6 8. O-O O-O
9. h3 Be6 10. Be3 Nh5 11. Kh2 Nf6 12. Qd2 Qc7 13. a3 Rab8 14. e5 dxe5 15. fxe5
Nd7 16. Ng5 Nd8 17. Nd5 Bxd5 18. Bxd5+ Kh8 19. d4 cxd4 20. Bxd4 Bxe5 21. Qf4
Qd6 22. Qh4 1-0

[Event "Euskadi j ch"]
[Site "Eibar"]
[Date "2014.04.23"]
[Round "3.7"]
[White "Varas Lopez De Echezarreta, Maita"]
[Black "Mendieta Gomez, Andres"]
[Result "1-0"]
[WhiteElo "1400"]
[BlackElo "1288"]

1. e4 b6 2. d4 Bb7 3. Bd3 e6 4. Nc3 Nf6 5. Bg5 Be7 6. Nf3 d5 7. e5 Ne4 8. Bxe7
Qxe7 9. Bxe4 dxe4 10. Nd2 Nd7 11. Ndxe4 O-O 12. O-O f5 13. exf6 Nxf6 14. Qe2
Nd5 15. Nxd5 Bxd5 16. c4 Bb7 17. Rfd1 Rf4 18. f3 Raf8 19. Rf1 Qe8 20. Rad1 Qg6
21. Ng3 h5 22. d5 exd5 23. cxd5 h4 24. Ne4 Bc8 25. d6 Qf5 26. dxc7 Re8 27. Rd8
Kf8 28. Rxe8+ Kxe8 29. Nd6+ 1-0

[Event "Euskadi j ch"]
[Site "Eibar"]
[Date "2014.04.24"]
[Round "4.1"]
[White "Llano Olabarrieta, Joseba"]
[Black "Barrio Ugidos, Ibon"]
[Result "1-0"]
[WhiteElo "1904"]
[BlackElo "1905"]

1. e4 e6 2. d4 d5 3. Nd2 c5 4. exd5 Qxd5 5. Ngf3 cxd4 6. Bc4 Qd6 7. O-O Nf6 8.
Nb3 Nc6 9. Nbxd4 Nxd4 10. Nxd4 a6 11. Re1 Qc7 12. Bb3 Bd6 13. Nf5 Bxh2+ 14. Kh1
O-O 15. Nxg7 Kxg7 16. Qd2 Bf4 17. Qxf4 Qxf4 18. Bxf4 Nd7 19. Rad1 Re8 20. Rd3
Nf8 21. Be5+ f6 22. Bc3 Ng6 23. a4 e5 24. Rd6 h5 25. a5 h4 26. Re3 Bg4 27. Rb6
Re7 28. Rd3 Nf4 29. Rdd6 f5 30. Bd2 Bh5 31. Bxf4 exf4 32. Rd4 h3 33. Rxf4 hxg2+
34. Kxg2 Re5 35. Rxb7+ Kf6 36. Ra4 Rd8 37. Rb6+ Kg5 38. f4+ 1-0

[Event "Euskadi j ch"]
[Site "Eibar"]
[Date "2014.04.24"]
[Round "4.2"]
[White "Abalia Patiño, Aritz"]
[Black "Jimenez Almeida, Luis David"]
[Result "0-1"]
[WhiteElo "1746"]
[BlackElo "2024"]

1. e4 e6 2. Nf3 d5 3. Nc3 Nf6 4. e5 Nfd7 5. d4 c5 6. Bf4 Nc6 7. dxc5 a6 8. Bd3
h6 9. O-O Nxc5 10. a4 Qb6 11. Qd2 Bd7 12. Rfb1 Nb4 13. Be3 Qc7 14. b3 Rc8 15.
Rc1 Nbxd3 16. cxd3 Nxb3 17. Qb2 Nxc1 18. Rxc1 Qa5 19. Bd2 Bb4 20. Ne4 Rxc1+ 0-1

[Event "Euskadi j ch"]
[Site "Eibar"]
[Date "2014.04.24"]
[Round "4.3"]
[White "Lomas Romero, Benat"]
[Black "Sanchez Ruesga, Carlos"]
[Result "1/2-1/2"]
[WhiteElo "1836"]
[BlackElo "1687"]

1. e4 c5 2. Nc3 Nc6 3. g3 d6 4. Bg2 Nf6 5. d3 e6 6. Nge2 Be7 7. O-O O-O 8. h3
a6 9. a4 Qc7 10. Be3 Rb8 11. d4 cxd4 12. Nxd4 Na5 13. Qd3 Nc4 14. Bc1 Bd7 15.
f4 Rfc8 16. Kh2 b5 17. axb5 axb5 18. b3 Nb6 19. Ncxb5 Bxb5 20. Nxb5 Qxc2 21.
Qxc2 Rxc2 22. Nd4 Rc7 23. Be3 Nbd7 24. Rfc1 Rxc1 25. Rxc1 Bf8 26. Ra1 Nc5 27.
e5 dxe5 28. fxe5 Nd5 29. Bd2 Nd3 30. Nf3 h6 31. Bf1 N5b4 32. Be3 Rc8 33. Bd4
1/2-1/2

[Event "Euskadi j ch"]
[Site "Eibar"]
[Date "2014.04.24"]
[Round "4.4"]
[White "Bernal Gomez, Alejandro"]
[Black "Fernandez Zubitur, Asier"]
[Result "1-0"]
[WhiteElo "1978"]
[BlackElo "1563"]

1. c4 e5 2. g3 Nc6 3. Bg2 g6 4. Nc3 Bg7 5. d3 d6 6. Nf3 f5 7. Rb1 Nf6 8. Bg5
O-O 9. O-O h6 10. Bxf6 Bxf6 11. Nd2 a5 12. a3 g5 13. Nd5 a4 14. Nc3 f4 15. Nxa4
g4 16. Nc3 Bg5 17. Nb3 Be6 18. Bd5 Bxd5 19. Nxd5 Qd7 20. Qc2 Qh7 21. c5 h5 22.
Qc4 Kh8 23. cxd6 cxd6 24. Qe4 Qh6 25. Qh1 h4 26. h3 Ne7 27. gxh4 Nxd5 28. hxg5
Qxh3 29. Qxh3+ gxh3 30. Kh2 Rg8 31. Rg1 Kg7 32. Kxh3 Kg6 33. Kg4 Kf7 34. Nd2
Ke6 35. Ne4 Ra4 36. Rh1 f3 37. Rh6+ Ke7 38. Kxf3 Rf8+ 39. Kg3 Nf4 40. Nc3 1-0

[Event "Euskadi j ch"]
[Site "Eibar"]
[Date "2014.04.24"]
[Round "4.5"]
[White "Varas Lopez De Echezarreta, Maita"]
[Black "Laseca Arana, Irati"]
[Result "1/2-1/2"]
[WhiteElo "1400"]
[BlackElo "1652"]

1. e4 c5 2. Nf3 Nf6 3. e5 Nd5 4. c3 Nc6 5. d4 cxd4 6. cxd4 e6 7. Bd3 Bb4+ 8.
Bd2 Nf4 9. Bf1 Qb6 10. Bxb4 Qxb4+ 11. Qd2 d6 12. exd6 Qxd6 13. g3 Nd5 14. Bg2
O-O 15. O-O b6 16. Nc3 Ba6 17. Rfd1 Rfd8 18. Nxd5 exd5 19. Bf1 Bxf1 20. Rxf1
Qf6 21. Kg2 Re8 22. Rfe1 Re4 23. Rxe4 dxe4 24. Ne5 Nxe5 25. dxe5 Qxe5 26. Re1
Re8 27. Qd7 Kf8 28. Qxa7 Qxb2 29. Qa4 e3 30. Qf4 Qxf2+ 31. Qxf2 exf2 32. Rb1
Re2 33. Rxb6 Rxa2 34. Kf1 h6 35. h3 Kg8 36. Rb7 g6 37. Rb6 Kg7 38. Rc6 g5 39.
Rb6 f6 40. Rb4 h5 41. h4 Kg6 42. Rc4 Kf5 43. Rb4 Rd2 44. hxg5 fxg5 45. Ra4 Ke5
46. Ra5+ Ke4 47. Rxg5 Kf3 48. Rf5+ Kxg3 49. Rg5+ Kh4 50. Rg8 Kh3 51. Rg7
1/2-1/2

[Event "Euskadi j ch"]
[Site "Eibar"]
[Date "2014.04.24"]
[Round "4.6"]
[White "Garcia Martinez De La Hidalga, En"]
[Black "Gonzalez Larraz, Raul"]
[Result "0-1"]
[WhiteElo "1568"]
[BlackElo "1687"]

1. e4 e5 2. Nf3 Nc6 3. Bc4 Bc5 4. c3 Nf6 5. d4 exd4 6. e5 Ng4 7. cxd4 Bb4+ 8.
Nc3 d6 9. h3 Nh6 10. Bg5 Ne7 11. O-O Bxc3 12. bxc3 Nhf5 13. Re1 d5 14. Bd3 h6
15. Bd2 Ng6 16. Qb3 Nfh4 17. Re3 Nf4 18. Nxh4 Qxh4 19. g3 Nxh3+ 20. Kf1 Qd8 21.
Rae1 O-O 22. f4 c6 23. Qc2 Qd7 24. e6 fxe6 25. Kg2 e5 26. dxe5 Qg4 27. Rf3 Ng5
28. Qd1 Qh3+ 29. Kf2 Bg4 30. Rh1 Bxf3 31. Qxf3 Nxf3 32. Rxh3 Nxd2 33. Rh5 Nc4
34. e6 Rae8 35. f5 Ne5 36. Ke3 Nxd3 37. Kxd3 Kh7 38. Kd4 g6 39. fxg6+ Kxg6 40.
Re5 Rf6 0-1

[Event "Euskadi j ch"]
[Site "Eibar"]
[Date "2014.04.24"]
[Round "4.8"]
[White "Mendieta Gomez, Andres"]
[Black "Alfaro Garcia Del Cerro, Juan L"]
[Result "1/2-1/2"]
[WhiteElo "1288"]
[BlackElo "1516"]

1. e4 d5 2. exd5 Qxd5 3. Nc3 Qa5 4. Bc4 Nf6 5. d4 c6 6. Nf3 Bf5 7. O-O e6 8.
Bf4 Nbd7 9. a3 Be7 10. Ne5 Nxe5 11. Bxe5 O-O 12. Bd3 Bg6 13. Re1 Qd8 14. Ne4
Rc8 15. b4 a5 16. Qd2 Nxe4 17. Bxe4 Bf6 18. Bxg6 hxg6 19. bxa5 c5 20. Bxf6 gxf6
21. Re4 Qd5 22. Rae1 Rfd8 23. Qh6 g5 24. Qxf6 Qf5 25. Qxf5 exf5 26. Re5 cxd4
27. Rxf5 Rxc2 28. Rxg5+ Kf8 29. Rh5 Kg7 30. Rhe5 d3 31. Rd1 f5 32. Re3 f4 33.
Re4 Kg6 34. Kf1 Kf5 35. f3 Ra2 36. a4 Rc8 37. Rd4 Rcc2 38. Rd5+ Ke6 39. R5xd3
Rf2+ 40. Kg1 Rxg2+ 41. Kf1 Rxh2 42. Kg1 Rhc2 1/2-1/2

[Event "Euskadi j ch"]
[Site "Eibar"]
[Date "2014.04.25"]
[Round "5.1"]
[White "Jimenez Almeida, Luis David"]
[Black "Barrio Ugidos, Ibon"]
[Result "1-0"]
[WhiteElo "2024"]
[BlackElo "1905"]

1. d4 d5 2. Nf3 Nf6 3. c4 e6 4. Qc2 Nbd7 5. g3 Be7 6. Bg2 O-O 7. O-O dxc4 8.
Qxc4 a6 9. a4 b5 10. Qc6 Rb8 11. Bf4 Nd5 12. e4 Nxf4 13. gxf4 Bb7 14. Qc2 c5
15. axb5 axb5 16. Rd1 Qb6 17. Nc3 Rbc8 18. d5 b4 19. dxe6 Qxe6 20. f5 Qc6 21.
Nd5 Bd6 22. e5 b3 23. Qc3 Ra8 24. Rxa8 Rxa8 25. exd6 Qxd6 26. Ne3 Qf4 27. Qc4
Qc7 28. Nd5 Qd6 29. Nc3 Qe7 30. h3 Rb8 31. Qf4 Rc8 32. Qd6 Qxd6 33. Rxd6 Nf6
34. Rb6 1-0

[Event "Euskadi j ch"]
[Site "Eibar"]
[Date "2014.04.25"]
[Round "5.3"]
[White "Sanchez Ruesga, Carlos"]
[Black "Varas Lopez De Echezarreta, Maita"]
[Result "1/2-1/2"]
[WhiteElo "1687"]
[BlackElo "1400"]

1. e4 c5 2. Nf3 e6 3. d4 cxd4 4. Nxd4 a6 5. c4 Nc6 6. Nc3 Qc7 7. Nxc6 bxc6 8.
Be2 Nf6 9. O-O Be7 10. Be3 O-O 11. f4 d6 12. Bf3 Bb7 13. Qe1 Nd7 14. g4 Rae8
15. Qg3 f5 16. g5 e5 17. exf5 Rxf5 18. Be4 exf4 19. Bxf4 Rff8 20. Qh3 g6 21.
Qe6+ Kg7 22. Qh3 Ne5 23. Rae1 Nf7 24. Qg3 Qb6+ 25. Be3 Qc7 26. Bd4+ Ne5 27. Qh3
Bxg5 28. Re2 Bf6 29. Be3 Kg8 30. Rg2 Bc8 31. Qg3 Qe7 32. Bf4 Bh4 33. Qe3 Nxc4
34. Qd4 Ne5 35. Bxe5 Qxe5 36. Qc4+ d5 37. Bxd5+ cxd5 38. Qxh4 Qe3+ 39. Rgf2 Bb7
40. Qg3 Rxf2 41. Qxf2 Qg5+ 42. Qg3 Qxg3+ 43. hxg3 Kg7 44. Ne2 1/2-1/2

[Event "Euskadi j ch"]
[Site "Eibar"]
[Date "2014.04.25"]
[Round "5.4"]
[White "Gonzalez Larraz, Raul"]
[Black "Lomas Romero, Benat"]
[Result "1-0"]
[WhiteElo "1687"]
[BlackElo "1836"]

1. e4 c5 2. Nf3 Nc6 3. d4 cxd4 4. Nxd4 g6 5. Nc3 Bg7 6. Nf3 d6 7. Bd3 Nf6 8.
O-O O-O 9. Bg5 Bg4 10. h3 Bxf3 11. Qxf3 Ne5 12. Qe3 Nxd3 13. cxd3 Qd7 14. Bh6
b5 15. Bxg7 Kxg7 16. Rac1 Rfc8 17. Ne2 Qb7 18. Rxc8 Rxc8 19. Rc1 a6 20. Rxc8
Qxc8 21. Qc1 Qb7 22. Qc3 Kg8 23. Nd4 Nd7 24. b4 h5 25. Kf1 Kf8 26. Nxb5 Nf6 27.
Nxd6 exd6 28. Qxf6 Qxb4 29. Qa1 Qd2 30. Qb1 Kg7 31. g3 g5 32. Kg2 g4 33. h4 Kg6
34. Qb3 Qa5 35. Qc4 Kf6 36. Qd4+ Qe5 37. Qb6 a5 38. Qe3 Kg6 39. Qf4 a4 40. Qxe5
dxe5 41. f3 f5 42. exf5+ Kxf5 43. fxg4+ Kxg4 44. a3 e4 45. d4 e3 46. d5 Kf5 47.
Kf3 e2 48. Kxe2 Ke5 49. Kf3 Kxd5 50. g4 hxg4+ 51. Kxg4 Kc4 52. h5 Kb3 53. h6
Kxa3 54. h7 Ka2 55. h8=Q a3 56. Qc3 1-0